Tigres de seis patas (Registro nro. 15912)

Detalles MARC
000 -CABECERA
Campo de control 003240000a22001090004500
090 ## - CLASIFICACIÓN LOCAL
Colección AS
Consecutivo Seriadas
041 0# - IDIOMA
Código de idioma para texto/pista de sonido o título separado
100 1# - ASIENTO PRINCIPAL--NOMBRE PERSONAL
Nombre personal Fernández, Fernando
245 10 - MENCION DE TITULO
Título Tigres de seis patas
Version ecología, factores históricos y escarabajos tigre
773 1# - Item fuente:
Título Innovación y Ciencia
Descripción física 2
Paginas del Articulo 48-55
Lugar, editorial y fecha de publicación 1995
Información sobre la relación 4
942 ## - ELEMENTOS ADICIONALES (KOHA)
Tipo de ítem Artículo

No hay ítems disponibles.